| 000 | 00987cad a22002535a 4500 | ||
|---|---|---|---|
| 001 | E151882 | ||
| 008 | 101216s2010 xxk f 100 0 eng d | ||
| 020 | _a9781842196199 | ||
| 035 | _a(Sirsi) u151882 | ||
| 041 | 0 | _aeng | |
| 100 | 1 | _aAlazemi, Talal | |
| 111 | 2 |
_aConstruction and Building Research Conference _cDauphine Universite, Paris _d2-3 September 2010 |
|
| 245 | 0 | 0 |
_aOn the application of value engineering in Kuwaiti housing schemes _h[electronic resource] |
| 260 |
_aLondon _bRICS _c2010 |
||
| 520 | _aA paper presented at the COBRA Conference in Paris on 2-3 September 2010. | ||
| 590 | _aKA | ||
| 650 | 2 | 4 | _aCONSTRUCTION AND BUILDING RESEARCH CONFERENCE (COBRA) |
| 651 | 4 | _aKuwait | |
| 690 | _aPROPERTY-RESIDENTIAL PROPERTY-DOMESTIC RESIDENTIAL PROPERTY-HOUSING | ||
| 700 | 1 | _aKirkham, Richard J. | |
| 700 | 1 | _aElhag, Taha | |
| 856 | 4 | 0 |
_uhttps://www.rics.org/site/scripts/download_info.aspx?fileID=7927&categoryID=720 _zBroken link - not available |
| 942 | _n0 | ||
| 999 |
_c111702 _d111702 |
||